Rozhodne zákazník

Nízka úroveň spotreby slovenských potravinárskych výrobkov. Politika obchodných reťazcov, ktoré domácim výrobcom nastavujú tvrdé obchodné podmienky. Problematika cien domácich potravín. Lacnejšie zahraničné výrobky. Uprednostňovanie kvality pred cenou. Národný program Značka kvality SK. Predaj regio...

Ausführliche Beschreibung

Gespeichert in:
Bibliographische Detailangaben
1. Verfasser: Sadloňová, Petronela
Format: Buchkapitel
Sprache:Slowakisch
Schlagworte:
Tags: Tag hinzufügen
Keine Tags, Fügen Sie das erste Tag hinzu!

MARC

LEADER 00000naa a2200000 4500
001 0151982
005 20231109070454.9
041 0 |a slo 
044 |a SK 
245 1 0 |a Rozhodne zákazník  |c Petronela Sadloňová 
520 |a Nízka úroveň spotreby slovenských potravinárskych výrobkov. Politika obchodných reťazcov, ktoré domácim výrobcom nastavujú tvrdé obchodné podmienky. Problematika cien domácich potravín. Lacnejšie zahraničné výrobky. Uprednostňovanie kvality pred cenou. Národný program Značka kvality SK. Predaj regionálnych potravín z dvora podporený aj nariadeniami vlády. 
610 2 0 |a potraviny 
610 2 0 |a maloobchod 
610 2 0 |a reťazce obchodné 
610 2 0 |a spotreba 
610 2 0 |a zákazníci 
610 2 0 |a ceny 
610 2 0 |a predaj z dvora 
610 2 0 |a značky kvality 
610 2 0 |a legislatíva 
100 1 |a Sadloňová, Petronela